Sistema de amortización en la legislación chilena

Gespeichert in:
Bibliographische Detailangaben
1. Verfasser: Correa Searle, Cristián (VerfasserIn)
Format: Buch
Sprache:Spanisch
Veröffentlicht: s.n 1970
Schlagworte:
Tags: Tag hinzufügen
Keine Tags, Fügen Sie den ersten Tag hinzu!

MARC

LEADER 00000nam a2200000 a 4500
001 UCS0388
003 CL-VaPUC
008 970426e19700000CL |||||||||||||||||spa|d
082 0 4 |a 343.052  |b COR  |2 21 
100 0 |a Correa Searle, Cristián  |e author  |9 383771 
245 1 0 |a Sistema de amortización en la legislación chilena 
300 |a 58 p 
942 |c BK 
945 |d 19970426 00:00:00  |a cmena 
260 |b s.n  |c 1970 
650 0 |a Impuestos  |9 255450 
650 0 |a Amortización del capital   |9 365654 
650 0 |a Depreciación  |x Asignaciones  |9 383772 
650 7 |a GESTION DE INVERSIONES  |2 CL-VaPUC  |9 383773 
650 0 |a Código tributario  |9 350428 
650 7 |a LEGISLACION  |2 CL-VaPUC  |9 383774 
650 7 |a FONDOS DE AMORTIZACION  |2 CL-VaPUC  |9 358832 
650 7 |a GASTOS DE INVERSION  |2 CL-VaPUC  |9 375782 
650 7 |a COSTOS FIJOS  |2 CL-VaPUC  |9 357996 
650 0 |a Capital   |9 263726 
651 7 |a CHILE  |2 CL-VaPUC  |9 383775 
583 |a last modification  |c 20130318 07:34:26  |k Rodrigo Vera 
999 |c 258618  |d 258616 
952 |0 0  |1 0  |2 ddc  |4 0  |6 343_052000000000000_COR_1970  |7 0  |8 A  |9 282864  |a BIBDER  |b BIBDER  |d 2019-11-19  |i 1835122  |o 343.052 COR 1970  |p 1835122  |r 2023-01-25  |w 2019-11-19  |y MX  |k DER